Štúdium látok nezmydelniteľných podielov, odstraňovaných v procese priemyselnej dezodorizácie olejov. I. Repkový olej

Salvato in:
Dettagli Bibliografici
Autore principale: Koman, Václav
Altri autori: Takácsová, Mária, Lacková, Alica
Natura: Capitolo di libro
Lingua:slovacco
Tags: Aggiungi Tag
Nessun Tag, puoi essere il primo ad aggiungerne!!

MARC

LEADER 00000naa a2200000 4500
001 0222260
005 20240502073636.5
041 0 |a slo 
044 |a SK 
245 1 0 |a Štúdium látok nezmydelniteľných podielov, odstraňovaných v procese priemyselnej dezodorizácie olejov. I. Repkový olej  |c Václav Koman, Mária Takácsová, Alica Lacková 
100 1 |a Koman, Václav 
700 1 |a Takácsová, Mária 
700 1 |a Lacková, Alica